Matemática tercer año básico

Na minha lista:
Detalhes bibliográficos
Main Authors: Riveros Rojas, Marta (Author), Schalchli Matamala, Lina (Author)
Formato: Livro
Idioma:espanhol
Publicado em: Santiago Andrés Bello 1981
Colecção:Textos Escolares Andrés Bello
Assuntos:
Tags: Adicionar Tag
Sem tags, seja o primeiro a adicionar uma tag!

MARC

LEADER 00000nam a2200000 a 4500
001 UCL1910
003 CL-VaPUC
008 030926e19810000CL |||||||||||||||||spa|d
082 0 4 |a 372.7  |b RIV  |2 21 
100 0 |a Riveros Rojas, Marta  |e author  |9 478852 
700 0 |a Schalchli Matamala, Lina  |e author  |9 478853 
245 1 0 |a Matemática tercer año básico 
300 |a 143 p 
942 |c BK 
945 |d 20030926 00:00:00  |a cmena 
260 |a Santiago  |b Andrés Bello  |c 1981 
650 0 |a Matemáticas  |x Enseñanza  |9 875527 
650 0 |a Educación básica   |9 224933 
650 0 |a Métodos de enseñanza  |9 270413 
650 0 |a Libros de texto  |9 270019 
583 |a last modification  |c 20030926 00:00:00  |k Rodrigo Vera 
490 0 |a Textos Escolares Andrés Bello 
999 |c 305347  |d 305345 
952 |0 0  |1 0  |4 0  |6 372_700000000000000_RIV_1981  |7 0  |8 P  |9 368823  |a BIBEDU  |b BIBEDU  |c BIBEDU_PB  |d 2019-11-21  |i 3942457  |o 372.7 RIV 1981  |p 3942457  |r 2024-01-25  |w 2019-11-21  |y BK  |k EBA